Civilization in Islam

Bibliographic Details
Format: Book
Published: New Delhi : DPH , 2014
Subjects:

MARC

LEADER 00000cam a2200000 7i4500
001 0000043855
005 20141208.0
008 141208
020 |a 9350565013 
090 0 0 |a 297.272   |b CIV 
245 1 0 |a Civilization in Islam 
260 |a New Delhi :   |b DPH ,   |c 2014 
650 0 |a Civilization, Islamic 
650 0 |a Islam and civil society 
999 |a 0001324259   |b Book   |c REFERENCE   |e Perbadanan Perpustakaan Awam Johor